Star Academy 2024-2025 : Les invités aux primes - Statistiques

Statistiques générales
  • Ce quiz a été pris 640 fois
  • Le résultat moyen est 40 sur 82
Statistiques - réponses
Venu.e au prime A chanté... Avec... Artiste % Correct
8 Medley (Quand la musique est bonne, Au bout de mes rêves) Toute la promo Tournée promo 2023 (Lénie - Julien - Héléna - Pierre - Candice - Axel)
97%
12 Tu trouveras Charles Natasha St-Pier
95%
3 Summer Body Marine Helena
88%
13 Mauvais Garçon Marine Héléna
88%
1 Ceux qu'on était Toute la promo Pierre Garnier
87%
16 (finale) Adieu, nous deux Ebony Pierre Garnier
87%
1 / / Clara Luciani
80%
5 Medley (La Grenade, Ma soeur, Respire encore), Tout pour moi, (+ J'sais pas plaire) Ebony Marguerite et Masseo, Franck, (+ Marine) Clara Luciani
80%
13 Coeur Ebony Clara Luciani
80%
16 (finale) Medley (Courage, Le Reste) + Vos voix Ebony et Marine, + toute la promo Clara Luciani
80%
2 S'il suffisait d'aimer Maureen Santa
75%
14 (demi-finale 1) Medley (Popcorn Salé, La différence) Marine et Charles Santa
75%
5 À fleur de toi Emma Vitaa
75%
16 (finale) Medley (Tu n'es plus là, Où je vais, Ma philosophie) Ebony et Marine Amel Bent
72%
8 Cosmo Maïa et Ulysse Soprano
72%
3 Évidemment Julie Kendji Girac
71%
10 Andalouse, Si seulement... Ulysse, Maïa Kendji Girac
71%
10 Medley (SPIDER, SOIS PAS TIMIDE) Ebony, Franck et Charles Gims
70%
3 Voilà Ebony Barbara Pravi
68%
14 (demi-finale 1) Feel Good Marine Charlotte Cardin
67%
15 (demi-finale 2) Medley (Si, Éblouie par la nuit) + Je veux Ebony et Franck +Marine Zaz
67%
11 Mr/Mme Franck Loïc Nottet
66%
4 Angéla Emma et Masseo Hatik
64%
2 Wannabe Marguerite, Emma, Ebony et Maïa Lenie
64%
4 I Will Always Love You Ebony Belinda Davids (sosie vocal de Whitney Houston)
60%
12 Medley (Près de moi, Sur un air latino, Je serai (Ta meilleure amie)) Marine Lorie
60%
16 (finale) Juste une photo de toi Marine M. Pokora
60%
7 Je t'écris Marine Camille Lou
59%
16 (finale) Born With A Broken Heart Marine Damiano David
59%
8 Fête de trop Charles et Franck Eddy de Pretto
58%
7 Donne-moi le temps Julie Jenifer
57%
4 Belle Noah et Charles Patrick Fiori
57%
4 Lucie Maureen Pascal Obispo
56%
4 Et même après je t'aimerai Marguerite Hoshi
54%
6 Femme Like U Marguerite Julien Doré
53%
8 Immortelle Marine et Julie Lara Fabian
53%
15 (demi-finale 2) Les yeux revolvers Franck Marc Lavoine
53%
2 Mais je t'aime Maïa Grand Corps Malade
52%
13 Faut qu'tu m'aimes Ulysse Styleto
52%
3 Sang pour sang Charles David Hallyday
48%
2 Medley (Ça (c'est vraiment toi), Alter ego) Ulysse et Emma Jean-Louis Aubert
48%
9 Medley (Mon essentiel, Être à la hauteur) Ebony, Franck, Marguerite et Maïa, Ulysse et Marine Emmanuel Moire
47%
12 Flash Marguerite Maëlle
47%
3 Un homme Ulysse et Franck Jérémy Frérot
46%
2 Celui qui part Masseo Joseph Kamel
46%
10 Si j'avais su Charles Claudio Capéo
45%
6 Avec classe Emma, Masseo et Charles Corneille
44%
2 Human Ebony Rag'n'Bone Man
44%
6 Ensemble Maureen Aliocha Schneider
42%
9 Imagine Maïa Carbonne
42%
5 Louxor J'Adore Ebony et Marine Philippe Katerine
42%
4 U-Turn (Lili) Julie AaRON
41%
5 MASCULINITY Marguerite Lucky Love
41%
9 Un garçon pas comme les autres (Ziggy) Marguerite Camille Lellouche
40%
12 Je pense à vous Franck Linh
40%
9 The Winner Takes It All (+ Medley) Ebony (+ toute la promo) Patrick Bruel
39%
12 Soulman Ulysse Ben l'Oncle Soul
38%
7 Je viens du Sud Maureen Chimène Badi
38%
13 Bouge de là Franck MC Solaar
36%
6 Petite Marie Ebony Mentissa
35%
12 Animaux fragiles Ebony Ycare
35%
7 Laissez-moi danser Toute la promo Promo 2004 (Karima - Lucie - Sofiane - Sandy - Francesca - Hoda - Sébastien)
32%
9 Can you feel the love tonight Franck Amir
30%
6 Feeling Good Julie Louane
30%
5 Les cactus Maïa et Charles Thomas Dutronc
28%
13 Je t'emmène au vent Charles Gaëtan Roussel
27%
14 (demi-finale 1) Message in a Bottle Marine et Charles Sting
27%
6 Heavy Cross Marine Beth Ditto (Gossip)
21%
11 Mon Ange Charles Nolwenn Leroy
21%
10 Et un jour une femme Ebony Kad Merad
20%
16 (finale) Roxanne Ebony Sofia Essaïdi
20%
11 Ne partons pas fâchés Marguerite Raphaël
19%
7 Helene Marguerite Roch Voisine
19%
11 La Musique que j'aime Marine et Ebony Arnaud Ducret
18%
15 (demi-finale 2) Sirens call Marine Cats on Trees
18%
14 (demi-finale 1) Fragile Ebony et Franck Camélia Jordana
17%
14 (demi-finale 1) Like a Hobo Charles Charlie Winston
13%
11 Feliz Navidad Franck Ebony et Ulysse Chico and the Gypsies
11%
14 (demi-finale 1) Angel Ebony et Franck Shaggy
11%
15 (demi-finale 2) 7 seconds Ebony Youssou N'Dour
11%
10 Sur un Prélude de Bach Marguerite et Marine Khatia Buniatichvili
8%
7 Foule sentimentale Franck Patxi Garat
6%
Aucun quiz correspondant
Distribution des résultats
% des personnes avec chaque résultat
Percentile par nombre de réponses
Votre historique - résultats
Vous n’avez pas pris ce quiz